00273nam a2200121Ia 45000030006000000080041000060400015000471000019000622450032000812600009001135460012001220050017001340STCL150530s9999 xx 000 0 und d aSTCLcSTCL aDe Meulder, E. aWhole world is my neighbour c1949 aEnglish20220125171146.0